| 000 | 00753nam a22002177a 4500 | ||
|---|---|---|---|
| 999 |
_c8318 _d8318 |
||
| 003 | AR-CdUCM | ||
| 008 | 190322b ||||| |||| 00| 0 spa d | ||
| 040 |
_aMUNICIPALIDAD PROVINCIAL DEL CUSCO _cBIBLIOTECA MUNICIPAL DEL CUSCO |
||
| 082 |
_a011.34 / _bD.36 |
||
| 100 |
_aDe la Quintana Condarco, Raul _923363 |
||
| 245 | _aEsbozo sobre periódicos y periodistas paceños / | ||
| 260 |
_aLa Paz : _bUrquizo, _c1988. |
||
| 300 |
_a132 páginas ; _c21 cm. |
||
| 505 | _aContenido : Periódicos paceños -- proemio -- Imprenta y periódicos paceños -- El iris de la paz -- La época... | ||
| 650 |
_aPrensa _919488 |
||
| 650 |
_aArtículos _919045 |
||
| 650 |
_aBolivia _91138 |
||
| 650 |
_aPeriodismo _91929 |
||
| 942 |
_2ddc _cLIBROS |
||
| 945 | _admma | ||